00957 2200325 4500001002100000005001500021035002500036008004100061020002200102040001700124082001400141084001600155100002000171245009900191260004300290300004700333500002900380650001900409850001200428007000300440090002000443090002100463090002100484999002100505999002100526990002100547990002100568990002100589990002100610INLIS00000000000904520200224111543 a0010-081500000000483150805s2015 yoia a 0 ind d a978-979-18006-6-9 aYOPDYOGbind 223a795.4 a795.4 MAS k aMasykur Anshori aKartu bayi genius baby card :bAyo bermain dan belajar menjadi anak genius! /cMasykur Anshori aYogyakarta :bIdea World Kids,c[2015] a...Vol :bilustrasi ;c16 x 17 cm [2 eks.] aYang diterima volume 1,2 aPermainan anak aYOPDYOGta aDEP 795.4 MAS k aCB-D.11 2015-108 aCB-D.11 2015-109 aCB-D.11/2015-108 aCB-D.11/2015-109 aCB-D.11/2015-108 aCB-D.11/2015-109 aCB-D.11/2015-109 aCB-D.11/2015-108